000 01147nam0a22002651 4500
001 rc\665846
005 20260407091720.0
035 _a(NLR Aleph) 005904745
090 _a6314215
_c6314215
100 _a20031121d1986 |||y0rusy50 ca
101 0 _arus
102 _aRU
105 _aa |||||||||
200 1 _aКЛАССИФИКАТОР рода Crocus L. - шафран
_fВАСХНИЛ, ВНИИ растениеводства им. Н.И. Вавилова
_g[Сост. к. б. н. Н.А. Петренко
_gПод ред. к. с.-х. н. В.А. Корнейчук]
210 _aЛ.
_cВИР
_d1986
215 _a17 с.
_cил.
_d20
702 1 _4220
_8rus
_7ca
_aПетренко
_bН. А.
_cканд. биол. наук
_gНаталья Алексеевна
_3RU\NLR\AUTH\772311
_9112326
702 1 _aКорнейчук
_bВ.А.
_gВалентина Алексеевна
_4340
712 0 2 _aВНИИ растениеводства им. Н. И. Вавилова
_cЛенинград
_3RU\NLR\AUTH\8817144
_9307526
801 0 _aRU
_bNLR
_gpsbo
801 1 _aRU
_bELAR
_2rusmarc
852 _aNLR
_j87-4/22159
942 _cBOOK
980 _aNB